Global literary theory: (Record no. 102161)

MARC details
000 -LEADER
fixed length control field 00958nam a22002417a 4500
005 - DATE AND TIME OF LATEST TRANSACTION
control field 20170801110123.0
010 ## - LCCN (DPL NO)
LC control number 1617EN ENG-117125
020 ## - INTERNATIONAL STANDARD BOOK NUMBER
International Standard Book Number 9781138236240
Terms of availability 995.00
035 ## - SYSTEM CONTROL NUMBER
System control number B-649314-318
035 ## - SYSTEM CONTROL NUMBER
System control number EN-100657
035 ## - SYSTEM CONTROL NUMBER
System control number B-667266
037 ## - SOURCE OF ACQUISITION
Stock number DPL
Source of stock number/acquisition AAKAR
082 ## - DEWEY DECIMAL CLASSIFICATION NUMBER
Classification number 801
245 ## - TITLE STATEMENT
Title Global literary theory:
Statement of responsibility, etc ed by Richard J.Lane
Remainder of title a anthology /
260 ## - PUBLICATION, DISTRIBUTION, ETC. (IMPRINT)
Place of publication, distribution, etc New York
Name of publisher, distributor, etc Routledge
Date of publication, distribution, etc 2016
270 ## - ADDRESS
Address 711 third avenue
City New York
Postal code NY 10017
300 ## - PHYSICAL DESCRIPTION
Extent xxxi,936p.
Dimensions 25cm(pbk)
Other physical details ill.
500 ## - GENERAL NOTE
General note includs index
700 ## - ADDED ENTRY--PERSONAL NAME
Personal name Lane, Richard J.
942 ## - ADDED ENTRY ELEMENTS (KOHA)
Source of classification or shelving scheme Dewey Decimal Classification
Item type English Books
Classification part 801
Call number suffix GLO
Holdings
Withdrawn status Lost status Not for loan Collection code Home library Current library Date acquired Source of acquisition Cost, normal purchase price Full call number Barcode Copy number Cost, replacement price Koha item type
      Non-fiction Ashok Vihar Ashok Vihar 01/08/2017 BPPD/EN/2016-17/AV/16-17/451/15.2.2017/I-3323/1.3.2017/ 17.3.2017 995.00 801 GLO B-667266 1 995.00 English Books
      Non-fiction Central Library Central Library 03/03/2017 BPPD/EN/2016-17/285/24.11.2016/I-2590/8.12.2016/2.1.2017 995.00 801 GLO B-649314 1 995.00 English Books
    Not For Loan Non-fiction D.B.Act.Division D.B.Act.Division 20/01/2017 DBAD/PUB 995.00 801 GLO EN-100657 1 995.00 English Books
      Non-fiction Janak Puri Janak Puri 03/03/2017 BPPD/EN/2016-17/285/24.11.2016/I-2590/8.12.2016/2.1.2017 995.00 801 GLO B-649317 1 995.00 English Books
      Non-fiction Kasturba Gandhi Marg Kasturba Gandhi Marg 03/03/2017 BPPD/EN/2016-17/285/24.11.2016/I-2590/8.12.2016/2.1.2017 995.00 801 GLO B-649316 1 995.00 English Books
      Non-fiction Patel Nagar Patel Nagar 03/03/2017 BPPD/EN/2016-17/285/24.11.2016/I-2590/8.12.2016/2.1.2017 995.00 801 GLO B-649315 1 995.00 English Books
      Non-fiction Shahdara Branch Shahdara Branch 03/03/2017 BPPD/EN/2016-17/285/24.11.2016/I-2590/8.12.2016/2.1.2017 995.00 801 GLO B-649318 1 995.00 English Books

© Delhi Public Library
Hit Counter
free hit counter